| 000 | 00512nam a2200193Ia 4500 | ||
|---|---|---|---|
| 003 | OSt | ||
| 005 | 20221007083309.0 | ||
| 006 | a|||||r|||| 00| 0 | ||
| 007 | ta | ||
| 008 | 221006b |||||||| |||| 00| 0 eng d | ||
| 024 | _a22,347 | ||
| 037 | _cTheseses | ||
| 040 |
_aFLL _cFLL _beng |
||
| 041 |
_2eng _aeng |
||
| 100 |
_aParashar Archana _9289904 |
||
| 245 | 0 | _aFamily law reform and the position of women in Post-Independence India | |
| 942 |
_cDIS _2CC |
||
| 999 |
_c1169563 _d1169563 |
||